<?xml version="1.0" encoding="UTF-8"?>
<record
    xmlns:xsi="http://www.w3.org/2001/XMLSchema-instance"
    xsi:schemaLocation="http://www.loc.gov/MARC21/slim http://www.loc.gov/standards/marcxml/schema/MARC21slim.xsd"
    xmlns="http://www.loc.gov/MARC21/slim">

  <leader>02575nam a2200385 a 4500</leader>
  <controlfield tag="001">10302651</controlfield>
  <controlfield tag="003">CaAEU</controlfield>
  <controlfield tag="006">m     o  d        </controlfield>
  <controlfield tag="007">cr cn|||||||||</controlfield>
  <controlfield tag="008">230710s2023    enk     o     001 0 eng  </controlfield>
  <datafield tag="020" ind1=" " ind2=" ">
    <subfield code="a">9781350200395</subfield>
  </datafield>
  <datafield tag="024" ind1="7" ind2=" ">
    <subfield code="a">10.5040/9781350200425</subfield>
    <subfield code="2">doi</subfield>
  </datafield>
  <datafield tag="035" ind1=" " ind2=" ">
    <subfield code="a">on1390967993</subfield>
  </datafield>
  <datafield tag="039" ind1=" " ind2=" ">
    <subfield code="a">exclude</subfield>
  </datafield>
  <datafield tag="040" ind1=" " ind2=" ">
    <subfield code="a">UkLoBP</subfield>
    <subfield code="b">eng</subfield>
    <subfield code="e">rda</subfield>
    <subfield code="c">UkLoBP</subfield>
    <subfield code="d">AEU</subfield>
  </datafield>
  <datafield tag="041" ind1=" " ind2=" ">
    <subfield code="a">Englsih</subfield>
  </datafield>
  <datafield tag="100" ind1=" " ind2=" ">
    <subfield code="a">Fink, Eugen,</subfield>
    <subfield code="e">author.</subfield>
    <subfield code="9">25660</subfield>
  </datafield>
  <datafield tag="245" ind1="0" ind2="0">
    <subfield code="a">Fashion: Seductive Play </subfield>
    <subfield code="n">/ Eugen Fink</subfield>
    <subfield code="c">edited by Stefano Marino and Giovanni Matteucci.</subfield>
  </datafield>
  <datafield tag="250" ind1=" " ind2=" ">
    <subfield code="a">First edition</subfield>
  </datafield>
  <datafield tag="264" ind1=" " ind2="1">
    <subfield code="a">London :</subfield>
    <subfield code="b">Bloomsbury Visual Arts,</subfield>
    <subfield code="c">2023.</subfield>
  </datafield>
  <datafield tag="300" ind1=" " ind2=" ">
    <subfield code="a">160 pages</subfield>
  </datafield>
  <datafield tag="505" ind1=" " ind2=" ">
    <subfield code="a">The Magical Powers of Fashion
&#x2014; The Social Phenomenon of Fashion
&#x2014; Fashion &#x2013; The Wish to Be Always Different
&#x2014; Appeal and Performance of Fashion
&#x2014; Fashion Has Many Faces
&#x2014; Leadership or Seduction in Fashion
&#x2014; Is Fashion Existentially Justified?</subfield>
  </datafield>
  <datafield tag="520" ind1=" " ind2=" ">
    <subfield code="a">In Germany, 1969, Eugen Fink's Fashion: Seductive Play was published. This first English language edition, updated with an introduction by Stefano Marino and Giovanni Matteucci, makes available Fink's philosophical investigation into fashion to an English-speaking audience.  One of the greatest figures in the "phenomenological movement," Fink here investigates fashion at various philosophical levels - aesthetic, ethical, social - and in relationship to other forms of human culture, especially contemporary culture.  Although there have been many transformations and changes in the world of fashion since the late 1960s, from pr&#xEA;t-&#xE0;-porter to fast fashion, fashion's connection to both high culture and popular culture, and the new relationship between fashion and the advent of social media, Fink's insights allow wide-ranging and far-reaching inquiries into fashion's philosophical essence. Fink's extraordinary lucidity and his unique conceptual capacities have made his work crucial to the study of the philosophy of fashion today. His work, like that of Simmel's, Veblen's or Benjamin's, is as essential and important now as when it was first published.</subfield>
  </datafield>
  <datafield tag="600" ind1=" " ind2="0">
    <subfield code="a">Fink, Eugen,</subfield>
    <subfield code="9">25660</subfield>
  </datafield>
  <datafield tag="650" ind1=" " ind2="0">
    <subfield code="a">Fashion</subfield>
    <subfield code="9">1004</subfield>
  </datafield>
  <datafield tag="650" ind1=" " ind2="0">
    <subfield code="a">Phenomenology</subfield>
    <subfield code="9">25661</subfield>
  </datafield>
  <datafield tag="650" ind1=" " ind2="0">
    <subfield code="a">Philosophy of fashion</subfield>
    <subfield code="9">25662</subfield>
  </datafield>
  <datafield tag="650" ind1=" " ind2="0">
    <subfield code="a"> Social identity</subfield>
    <subfield code="9">9508</subfield>
  </datafield>
  <datafield tag="650" ind1=" " ind2="0">
    <subfield code="a">Aesthetics</subfield>
    <subfield code="9">7380</subfield>
  </datafield>
  <datafield tag="700" ind1=" " ind2=" ">
    <subfield code="a">Marino, Stefano,</subfield>
    <subfield code="e">editor.</subfield>
    <subfield code="9">25663</subfield>
  </datafield>
  <datafield tag="700" ind1=" " ind2=" ">
    <subfield code="a">Matteucci, Giovanni,</subfield>
    <subfield code="e">editor.</subfield>
    <subfield code="9">25664</subfield>
  </datafield>
  <datafield tag="700" ind1=" " ind2=" ">
    <subfield code="a">Moore, Ian Alexander,</subfield>
    <subfield code="e">translator.</subfield>
    <subfield code="9">25665</subfield>
  </datafield>
  <datafield tag="700" ind1=" " ind2=" ">
    <subfield code="a">Turner, Christopher,</subfield>
    <subfield code="e">translator.</subfield>
    <subfield code="9">25666</subfield>
  </datafield>
  <datafield tag="942" ind1=" " ind2=" ">
    <subfield code="2">lcc</subfield>
  </datafield>
  <datafield tag="952" ind1=" " ind2=" ">
    <subfield code="0">0</subfield>
    <subfield code="1">0</subfield>
    <subfield code="2">lcc</subfield>
    <subfield code="4">0</subfield>
    <subfield code="7">0</subfield>
    <subfield code="a">TBS</subfield>
    <subfield code="b">TBS</subfield>
    <subfield code="d">2025-07-03</subfield>
    <subfield code="l">0</subfield>
    <subfield code="o">BH301.F3 FIN</subfield>
    <subfield code="p">B07658</subfield>
    <subfield code="r">2025-07-03</subfield>
    <subfield code="t">1</subfield>
    <subfield code="w">2025-07-03</subfield>
    <subfield code="y">1</subfield>
  </datafield>
  <datafield tag="999" ind1=" " ind2=" ">
    <subfield code="c">4823</subfield>
    <subfield code="d">4823</subfield>
  </datafield>
</record>
